States With The Lowest Population Per County - Statistics

General Stats
  • This quiz has been taken 21 times
  • The average score is 8 of 10
Answer Stats
Population State % Correct
28,473 Kansas
89%
20,414 Montana
89%
15,172 North Dakota
89%
24,792 Alaska
84%
14,107 South Dakota
84%
25,660 Wyoming
84%
32,975 Iowa
79%
21,753 Nebraska
74%
35,889 Mississippi
47%
32,172 West Virginia
42%
No matching quizzes found
Score Distribution
Percent of People with Each Score
Percentile by Number Answered
Your Score History
You have not taken this quiz